[Event " Ciutat d'Alzira 2014"]
[Site "Alzira ESP"]
[Date "2014.08.22"]
[Round "1.1"]
[White "Gonzalvez Perales, Jose Luis"]
[Black "Mari Pons, Enric"]
[Result "1-0"]
[WhiteElo "2012"]
[BlackElo "1721"]
[PlyCount "87"]
[EventDate "2014.08.22"]
[EventType "swiss"]
[EventRounds "9"]
[EventCountry "ESP"]
[Source "lmi"]
[SourceDate "2014.08.22"]

1. e4 c5 2. c3 d6 3. d4 cxd4 4. cxd4 Nf6 5. Nc3 e6 6. Nf3 a6 7. Bd3 Nc6 8. O-O
b5 9. Re1 Be7 10. Qe2 e5 11. d5 Nd4 12. Nxd4 exd4 13. Nd1 Ng4 14. a4 b4 15. Bd2
Qb6 16. a5 Qb7 17. Ra4 O-O 18. Rxb4 Qa7 19. f4 Nf6 20. Nf2 Bd8 21. Rc4 Re8 22.
Qf3 Rb8 23. b4 Qb7 24. Rc6 Qa7 25. Rec1 Be7 26. Rc7 Bb7 27. Qd1 Rbc8 28. Rxc8
Rxc8 29. Rxc8+ Bxc8 30. Qc2 Bd7 31. Qc4 Bb5 32. Qc8+ Bf8 33. Bxb5 axb5 34. Qc6
d3 35. Qb6 Qxb6 36. axb6 Nd7 37. b7 g6 38. Nxd3 Bg7 39. Be3 Kf8 40. Ba7 Ke7 41.
e5 h6 42. b8=Q Nxb8 43. Bxb8 dxe5 44. fxe5 1-0

[Event " Ciutat d'Alzira 2014"]
[Site "Alzira ESP"]
[Date "2014.08.22"]
[Round "1.2"]
[White "Castillo Garcia, Adrian"]
[Black "De La Calle Llopis, Juan"]
[Result "1-0"]
[WhiteElo "1719"]
[BlackElo "2000"]
[PlyCount "111"]
[EventDate "2014.08.22"]
[EventType "swiss"]
[EventRounds "9"]
[EventCountry "ESP"]
[Source "lmi"]
[SourceDate "2014.08.22"]

1. d4 e6 2. Nc3 d5 3. Nf3 Nf6 4. Bf4 Bb4 5. Nd2 O-O 6. e3 Nbd7 7. Nb5 Ne8 8. a3
Be7 9. Bd3 c6 10. Nc3 Bd6 11. Bg3 Bxg3 12. hxg3 g6 13. f4 c5 14. Nf3 Nef6 15.
Be2 a6 16. Nd2 cxd4 17. exd4 b5 18. g4 Bb7 19. Bd3 Qb6 20. g5 Ne4 21. Ndxe4
dxe4 22. Bxe4 Rfd8 23. Qf3 Rab8 24. Bxb7 Qxb7 25. Qxb7 Rxb7 26. Ne4 f5 27. gxf6
Rf8 28. f7+ Kg7 29. Ng5 Rh8 30. Nxe6+ Kf6 31. Ng5 h6 32. Kf2 Rc8 33. Ne4+ Kg7
34. c3 Rb6 35. Rh3 Nf6 36. Nxf6 Rxf6 37. Rf3 Kxf7 38. Re1 Rc7 39. g3 Rd6 40.
Rfe3 a5 41. Ke2 b4 42. axb4 axb4 43. Kd3 bxc3 44. bxc3 Rdc6 45. Rc1 Kf6 46. c4
Kf5 47. c5 Kg4 48. Kc4 g5 49. fxg5 hxg5 50. Kb5 Rf6 51. d5 Rb7+ 52. Kc4 Rf3 53.
Rxf3 Kxf3 54. Rc3+ Ke4 55. c6 Ra7 56. d6 1-0

[Event " Ciutat d'Alzira 2014"]
[Site "Alzira ESP"]
[Date "2014.08.22"]
[Round "1.3"]
[White "Cebrian Flores, Juan Antonio"]
[Black "Gonzalvez Tamarit, Ruben"]
[Result "1-0"]
[WhiteElo "1995"]
[BlackElo "1697"]
[PlyCount "57"]
[EventDate "2014.08.22"]
[EventType "swiss"]
[EventRounds "9"]
[EventCountry "ESP"]
[Source "lmi"]
[SourceDate "2014.08.22"]

1. e4 e5 2. Nf3 Nc6 3. Bb5 Bc5 4. Nxe5 Qg5 5. Ng4 Bxf2+ 6. Nxf2 Qxb5 7. Nc3 Qe5
8. O-O Nf6 9. d3 O-O 10. Ne2 Nd4 11. Ng3 d6 12. c3 Nc6 13. d4 Qe7 14. Re1 Qd8
15. Bf4 h6 16. Qf3 d5 17. e5 Nh7 18. Rad1 Ne7 19. Qh5 Ng6 20. Bc1 Be6 21. Nf5
Bxf5 22. Qxf5 Qc8 23. Qh5 Ne7 24. Rd3 Qf5 25. Qe2 Ng6 26. Rf1 Nf4 27. Qf3 Ng5
28. Qxf4 Qg6 29. Rg3 1-0

[Event " Ciutat d'Alzira 2014"]
[Site "Alzira ESP"]
[Date "2014.08.22"]
[Round "1.4"]
[White "Marco Catala, Juan Bautista"]
[Black "Morello Ostos, Domingo"]
[Result "0-1"]
[WhiteElo "1693"]
[BlackElo "1977"]
[PlyCount "40"]
[EventDate "2014.08.22"]
[EventType "swiss"]
[EventRounds "9"]
[EventCountry "ESP"]
[Source "lmi"]
[SourceDate "2014.08.22"]

1. c4 Nf6 2. Nc3 d6 3. d4 g6 4. g3 Bg7 5. Bg2 c6 6. e4 O-O 7. h3 Qa5 8. Nge2
Nbd7 9. O-O Rb8 10. a4 b5 11. b4 Qxb4 12. cxb5 c5 13. Rb1 Qa5 14. Be3 cxd4 15.
Bxd4 Bb7 16. Qd3 Rfc8 17. Qe3 Ra8 18. Rfc1 e5 19. b6 exd4 20. Qxd4 Nd5 0-1

[Event " Ciutat d'Alzira 2014"]
[Site "Alzira ESP"]
[Date "2014.08.22"]
[Round "1.5"]
[White "Pedros Viudes, Santiago"]
[Black "Esteban Moreno, Francisco"]
[Result "1-0"]
[WhiteElo "1963"]
[BlackElo "1665"]
[PlyCount "123"]
[EventDate "2014.08.22"]
[EventType "swiss"]
[EventRounds "9"]
[EventCountry "ESP"]
[Source "lmi"]
[SourceDate "2014.08.22"]

1. d4 d5 2. Nf3 Nf6 3. Bf4 Nbd7 4. e3 Nh5 5. Bg5 h6 6. Bh4 g5 7. Ne5 Nhf6 8.
Bg3 Bg7 9. Nd2 Ne4 10. Nxe4 dxe4 11. Bc4 Nxe5 12. dxe5 Qxd1+ 13. Rxd1 Bg4 14.
Rd4 Rd8 15. Rxd8+ Kxd8 16. Bxf7 e6 17. h3 Bf5 18. Bh5 Ke7 19. Ke2 Rd8 20. Rd1
Rxd1 21. Kxd1 Kd7 22. c4 Kc6 23. Kc2 Kd7 24. a3 c5 25. Kc3 Kc7 26. Bg4 Kd7 27.
f4 exf3 28. gxf3 h5 29. Bxh5 Bxh3 30. f4 gxf4 31. exf4 Bh6 32. Bf3 b6 33. b4
cxb4+ 34. axb4 Bf5 35. Kd4 Bf8 36. Be1 Be7 37. Be4 Bh3 38. c5 Kc7 39. Bc3 Bh4
40. Bd3 Bf2+ 41. Kc4 Bg2 42. cxb6+ axb6 43. Bd2 Kc6 44. b5+ Kd7 45. f5 Bd5+ 46.
Kc3 Bg3 47. Kd4 Bf2+ 48. Be3 Be1 49. f6 Bb4 50. Be4 Bc5+ 51. Kd3 Bc4+ 52. Kxc4
Bxe3 53. Bc6+ Kd8 54. Kd3 Bc1 55. Ke4 Bb2 56. Kf4 Bc3 57. Kg5 Bxe5 58. Kg6 Bd4
59. Kg7 Bc3 60. Kf7 e5 61. Kg8 Bd2 62. f7 1-0

[Event " Ciutat d'Alzira 2014"]
[Site "Alzira ESP"]
[Date "2014.08.22"]
[Round "1.6"]
[White "Vila Tormo, Eduardo"]
[Black "Boj Marques, Javier"]
[Result "0-1"]
[WhiteElo "1663"]
[BlackElo "1950"]
[PlyCount "66"]
[EventDate "2014.08.22"]
[EventType "swiss"]
[EventRounds "9"]
[EventCountry "ESP"]
[Source "lmi"]
[SourceDate "2014.08.22"]

1. e4 e6 2. d4 d5 3. e5 c5 4. c3 Nc6 5. Nf3 Qb6 6. Be2 Bd7 7. O-O cxd4 8. cxd4
Nge7 9. Nc3 Nf5 10. Na4 Qd8 11. a3 Be7 12. b4 Ncxd4 13. Nxd4 Nxd4 14. Qxd4 Bxa4
15. b5 Bc2 16. Be3 O-O 17. Rfc1 Bg6 18. a4 f6 19. Bf4 b6 20. exf6 gxf6 21. Qe3
e5 22. Bh6 Rf7 23. Qg3 Bf8 24. Bd2 Kh8 25. a5 Bc5 26. Qb3 Rb8 27. axb6 axb6 28.
Ra6 Be4 29. Be3 Rg7 30. f3 d4 31. Bf2 Bb7 32. Ra4 f5 33. Qe6 Qg5 0-1

[Event " Ciutat d'Alzira 2014"]
[Site "Alzira ESP"]
[Date "2014.08.22"]
[Round "1.7"]
[White "Roca Cruz, Rafael"]
[Black "Costa Grau, Adrian"]
[Result "1/2-1/2"]
[WhiteElo "1950"]
[BlackElo "1663"]
[PlyCount "108"]
[EventDate "2014.08.22"]
[EventType "swiss"]
[EventRounds "9"]
[EventCountry "ESP"]
[Source "lmi"]
[SourceDate "2014.08.22"]

1. d4 Nf6 2. c4 g6 3. Nf3 Bg7 4. Nc3 d6 5. h3 O-O 6. e4 Nbd7 7. Be3 e5 8. d5 a6
9. Be2 Nc5 10. Nd2 Ne8 11. b4 Nd7 12. g4 b6 13. h4 f6 14. Nf1 a5 15. b5 Nc5 16.
Ng3 Bd7 17. h5 g5 18. h6 Bh8 19. Nf5 Rf7 20. Qd2 Bc8 21. O-O-O Bd7 22. Rdg1 Bc8
23. f3 Bd7 24. Nd1 Bc8 25. Nf2 Nd7 26. Nh3 Nf8 27. a4 Ng6 28. Kc2 Bd7 29. Kb3
Bc8 30. Nf2 Bd7 31. Rh5 Bc8 32. Nh3 Nf4 33. Nxf4 exf4 34. Bf2 Bd7 35. Be1 Bc8
36. Qd4 Bxf5 37. gxf5 Qe7 38. Bc3 Qe5 39. Qd2 Qe7 40. Qxf4 Ng7 41. Rhxg5 fxg5
42. Rxg5 Raf8 43. hxg7 Bxg7 44. f6 Rxf6 45. Bxf6 Qxf6 46. Qxf6 Rxf6 47. Kc2 Kf7
48. Rg3 Rg6 49. Rh3 Rh6 50. Rg3 Rg6 51. Rxg6 hxg6 52. Bd3 Bf6 53. Kd2 Be5 54.
Ke3 Kf6 1/2-1/2

[Event " Ciutat d'Alzira 2014"]
[Site "Alzira ESP"]
[Date "2014.08.22"]
[Round "1.8"]
[White "Del Rosario Hervas, Enrique Ma"]
[Black "Del Arco Gimeno, Juan"]
[Result "0-1"]
[WhiteElo "1630"]
[BlackElo "1949"]
[PlyCount "52"]
[EventDate "2014.08.22"]
[EventType "swiss"]
[EventRounds "9"]
[EventCountry "ESP"]
[Source "lmi"]
[SourceDate "2014.08.22"]

1. e4 d6 2. d4 Nf6 3. Nc3 c6 4. Bd3 g6 5. Nf3 Bg7 6. O-O O-O 7. Be3 a6 8. Re1
Qc7 9. Qc1 Bg4 10. Ng5 b5 11. h3 Bc8 12. a3 Nbd7 13. Nf3 c5 14. Nd5 Nxd5 15.
exd5 c4 16. Bf1 Bb7 17. Bh6 Nf6 18. Bxg7 Kxg7 19. Qg5 Bxd5 20. Nh4 e6 21. Qe3
Qd8 22. g3 Re8 23. Ng2 e5 24. c3 Qd7 25. Qd2 Qxh3 26. dxe5 Ng4 0-1

[Event " Ciutat d'Alzira 2014"]
[Site "Alzira ESP"]
[Date "2014.08.22"]
[Round "1.9"]
[White "Perez Gisbert, Santiago"]
[Black "Sanchez Tapia, Luis G"]
[Result "1-0"]
[WhiteElo "1937"]
[BlackElo "1625"]
[PlyCount "39"]
[EventDate "2014.08.22"]
[EventType "swiss"]
[EventRounds "9"]
[EventCountry "ESP"]
[Source "lmi"]
[SourceDate "2014.08.22"]

1. e4 e6 2. d4 d5 3. exd5 exd5 4. Bd3 Be6 5. Nc3 c5 6. dxc5 Bxc5 7. Nf3 Nf6 8.
O-O O-O 9. Bg5 Nbd7 10. Qd2 a6 11. Rae1 b5 12. Ne5 Nxe5 13. Rxe5 Bd6 14. Re2
Qc7 15. g3 Bh3 16. Bxf6 h6 17. Nxd5 Qc5 18. Rfe1 Bg4 19. Re3 Kh8 20. Re4 1-0

[Event " Ciutat d'Alzira 2014"]
[Site "Alzira ESP"]
[Date "2014.08.22"]
[Round "1.10"]
[White "Ull Molina, Daniel"]
[Black "Ventura Monfort, Santiago"]
[Result "0-1"]
[WhiteElo "1625"]
[BlackElo "1934"]
[PlyCount "102"]
[EventDate "2014.08.22"]
[EventType "swiss"]
[EventRounds "9"]
[EventCountry "ESP"]
[Source "lmi"]
[SourceDate "2014.08.22"]

1. e4 c5 2. Nf3 d6 3. d4 cxd4 4. Nxd4 Nf6 5. Nc3 a6 6. Be3 e5 7. Nb3 Be6 8. Bd3
Be7 9. O-O O-O 10. Na4 Nbd7 11. c4 Qc7 12. Rc1 b6 13. Qe2 Nc5 14. Nbxc5 dxc5
15. Nc3 Ne8 16. Nd5 Bxd5 17. exd5 f5 18. f4 e4 19. Bc2 Bf6 20. Bb1 Nd6 21. Rfd1
Rf7 22. h3 g6 23. g4 Kf8 24. g5 Bg7 25. Rd2 a5 26. h4 h6 27. Qg2 hxg5 28. Qxg5
Bf6 29. Qg3 Ke7 30. Rh2 Rh8 31. Rcc2 Kd8 32. Rh3 Qe7 33. Rch2 Nxc4 34. Kf1 Rxh4
35. d6 Qxd6 36. Rxh4 Qd1+ 37. Qe1 Nxe3+ 38. Kf2 Ng4+ 39. Kf1 Nxh2+ 40. Rxh2
Qxe1+ 41. Kxe1 Kd7 42. Rd2+ Bd4 43. b3 Rh7 44. Kd1 Rh1+ 45. Kc2 Rf1 46. Rg2
Rf2+ 47. Rxf2 Bxf2 48. Kd2 Kd6 49. Ke2 Bg1 50. Bc2 Kd5 51. Kd2 Kd4 0-1

[Event " Ciutat d'Alzira 2014"]
[Site "Alzira ESP"]
[Date "2014.08.23"]
[Round "2.1"]
[White "Sendra Tormo, Juan"]
[Black "Gonzalvez Perales, Jose Luis"]
[Result "0-1"]
[WhiteElo "1836"]
[BlackElo "2012"]
[PlyCount "130"]
[EventDate "2014.08.22"]
[EventType "swiss"]
[EventRounds "9"]
[EventCountry "ESP"]
[Source "lmi"]
[SourceDate "2014.08.22"]

1. e4 c6 2. d4 d5 3. exd5 cxd5 4. c4 Nf6 5. Nc3 g6 6. cxd5 Bg7 7. Qb3 O-O 8. g3
Na6 9. Bc4 Qb6 10. Qxb6 axb6 11. Nf3 Nb4 12. O-O Bh3 13. Rd1 Bg4 14. Kg2 Rfd8
15. Bg5 Nbxd5 16. h3 Bxf3+ 17. Kxf3 Nxc3 18. bxc3 Rac8 19. Bb3 Rxc3+ 20. Kg2 h6
21. Bf4 Nd5 22. Bc1 Rc7 23. Bb2 Nb4 24. Rd2 Nc6 25. d5 Bxb2 26. Rxb2 Nb4 27. d6
Rxd6 28. Bxf7+ Kxf7 29. Rxb4 Rc2 30. Rb3 Rf6 31. Rf3 Rb2 32. a4 Rb4 33. a5 bxa5
34. Rxa5 Rxf3 35. Kxf3 h5 36. Rc5 Kf6 37. h4 Rb3+ 38. Kf4 Rb4+ 39. Ke3 b5 40.
Kf3 Rb2 41. Ke3 b4 42. Rb5 b3 43. Rb8 Rb1 44. Kd3 Rb2 45. Kc3 Rb1 46. Kd3 Kf7
47. Rb6 Rf1 48. Ke2 Rb1 49. Kd3 e6 50. Rb8 Ke7 51. Rb6 Kf6 52. Rb5 b2 53. Kc2
Rc1+ 54. Kxb2 Rf1 55. f4 Rf3 56. Rg5 Rd3 57. Kc2 Rd5 58. Rxd5 exd5 59. Kd3 Ke6
60. Ke3 Kd6 61. Kd4 Kc6 62. Ke5 Kc5 63. g4 hxg4 64. h5 g3 65. h6 g2 0-1

[Event " Ciutat d'Alzira 2014"]
[Site "Alzira ESP"]
[Date "2014.08.23"]
[Round "2.2"]
[White "Garcia Sancho, Josep"]
[Black "Cebrian Flores, Juan Antonio"]
[Result "0-1"]
[WhiteElo "1821"]
[BlackElo "1995"]
[PlyCount "62"]
[EventDate "2014.08.22"]
[EventType "swiss"]
[EventRounds "9"]
[EventCountry "ESP"]
[Source "lmi"]
[SourceDate "2014.08.22"]

1. d4 g6 2. c4 Bg7 3. Nf3 d6 4. Nc3 Nf6 5. g3 O-O 6. Bg2 Nbd7 7. O-O e5 8. e4
exd4 9. Nxd4 Re8 10. Re1 a6 11. h3 Rb8 12. Be3 Ne5 13. Qe2 c5 14. Nf3 Nxf3+ 15.
Qxf3 b5 16. cxb5 axb5 17. Rad1 b4 18. Nb1 Rxe4 19. Nd2 Re6 20. Bg5 h6 21. Rxe6
Bxe6 22. Bf4 g5 23. Be3 Qd7 24. Nb3 Qc7 25. Qc6 Qxc6 26. Bxc6 Bf8 27. h4 gxh4
28. gxh4 Rb6 29. Bf3 Ra6 30. Bf4 Rxa2 31. Na1 Rxb2 0-1

[Event " Ciutat d'Alzira 2014"]
[Site "Alzira ESP"]
[Date "2014.08.23"]
[Round "2.5"]
[White "Boj Marques, Javier"]
[Black "Ventura Monfort, Javier"]
[Result "1-0"]
[WhiteElo "1950"]
[BlackElo "1819"]
[PlyCount "76"]
[EventDate "2014.08.22"]
[EventType "swiss"]
[EventRounds "9"]
[EventCountry "ESP"]
[Source "lmi"]
[SourceDate "2014.08.22"]

1. d4 d5 2. Nc3 e6 3. e4 Bb4 4. e5 c5 5. a3 Bxc3+ 6. bxc3 Qa5 7. Bd2 c4 8. Qg4
g6 9. Nf3 Qa4 10. Be2 Qxc2 11. O-O Nc6 12. Rfc1 Qa4 13. Bd1 Qa5 14. h4 h5 15.
Qf4 Qc7 16. Bc2 Na5 17. Rcb1 Bd7 18. Ng5 Nh6 19. Qf6 Rg8 20. Nxe6 Bxe6 21. Bxh6
Qe7 22. Qf4 Bd7 23. Bg5 Qe6 24. f3 Rc8 25. Bf6 Bc6 26. Rb4 Qd7 27. Qh6 Qe6 28.
Qh7 Kd7 29. f4 Kc7 30. f5 Qd7 31. e6 fxe6 32. Be5+ Kd8 33. Qxg8+ Qe8 34. Qxe8+
Kxe8 35. fxe6 Ke7 36. Rf1 Kxe6 37. Bxg6 Rc7 38. Rf6+ Ke7 1-0

[Event " Ciutat d'Alzira 2014"]
[Site "Alzira ESP"]
[Date "2014.08.23"]
[Round "2.12"]
[White "Nieto Tornero, Jose"]
[Black "Castillo Garcia, Adrian"]
[Result "0-1"]
[WhiteElo "1914"]
[BlackElo "1719"]
[PlyCount "70"]
[EventDate "2014.08.22"]
[EventType "swiss"]
[EventRounds "9"]
[EventCountry "ESP"]
[Source "lmi"]
[SourceDate "2014.08.22"]

1. e4 d6 2. d4 Nf6 3. Bd3 e5 4. c3 d5 5. dxe5 dxe4 6. Qa4+ Bd7 7. Bb5 Ng4 8.
Bxd7+ Qxd7 9. Qxe4 Nc6 10. h3 Qd1+ 11. Kxd1 Nxf2+ 12. Ke1 Nxe4 13. Bf4 g5 14.
Bh2 Bc5 15. Nf3 O-O-O 16. b4 Bb6 17. a4 a5 18. b5 Ne7 19. Nbd2 Nxd2 20. Nxd2
Nd5 21. Ne4 Ne3 22. Ke2 h6 23. Rac1 Nxg2 24. Rhf1 Be3 25. Rc2 Bf4 26. Bg1 Rhe8
27. Kf3 Nh4+ 28. Kg4 Rxe5 29. Nf6 Re6 30. Bf2 h5+ 31. Kxh5 Rxf6 32. Bd4 Rg6 33.
Rxf4 gxf4 34. Kxh4 f6 35. Kh5 Rg5+ 0-1

[Event " Ciutat d'Alzira 2014"]
[Site "Alzira ESP"]
[Date "2014.08.23"]
[Round "2.15"]
[White "Carbonell Sancho, Marc"]
[Black "Roca Cruz, Rafael"]
[Result "0-1"]
[WhiteElo "1480"]
[BlackElo "1950"]
[PlyCount "64"]
[EventDate "2014.08.22"]
[EventType "swiss"]
[EventRounds "9"]
[EventCountry "ESP"]
[Source "lmi"]
[SourceDate "2014.08.22"]

1. e4 c6 2. d4 d6 3. Bd3 e5 4. c3 Be7 5. Ne2 Nf6 6. O-O O-O 7. f4 Bg4 8. f5 d5
9. dxe5 dxe4 10. Bc4 Qxd1 11. Rxd1 Nbd7 12. e6 Ne5 13. exf7+ Kh8 14. h3 Bc5+
15. Kh1 Bxf5 16. Rf1 Bg6 17. Nf4 Nxc4 18. Ne6 Nd7 19. Nxf8 Rxf8 20. b3 Nce5 21.
Na3 e3 22. b4 Bb6 23. Re1 Nd3 24. Bxe3 Nxe1 25. Bxb6 Nc2 26. Nxc2 Nxb6 27. Nd4
Bxf7 28. Re1 Re8 29. Rxe8+ Bxe8 30. Kg1 Bf7 31. a3 Bc4 32. Nc2 Nd5 0-1

[Event " Ciutat d'Alzira 2014"]
[Site "Alzira ESP"]
[Date "2014.08.23"]
[Round "2.16"]
[White "Benedito Salavert, Jaime"]
[Black "Albuixec Sanz, Jorge"]
[Result "0-1"]
[WhiteElo "1914"]
[BlackElo "1858"]
[PlyCount "66"]
[EventDate "2014.08.22"]
[EventType "swiss"]
[EventRounds "9"]
[EventCountry "ESP"]
[Source "lmi"]
[SourceDate "2014.08.22"]

1. d4 Nf6 2. Nf3 d5 3. c4 c6 4. Nc3 e6 5. Bf4 Bd6 6. e3 O-O 7. Bd3 dxc4 8. Bxc4
Nd5 9. Bg3 a6 10. e4 Nxc3 11. bxc3 b5 12. Bb3 Bb7 13. O-O Bxg3 14. fxg3 c5 15.
Qe2 c4 16. Bc2 Qe7 17. e5 Nd7 18. Nd2 f5 19. exf6 Nxf6 20. a4 Qd6 21. Ne4 Nxe4
22. Rxf8+ Rxf8 23. Bxe4 Bxe4 24. Qxe4 b4 25. cxb4 c3 26. b5 a5 27. Qe5 Qb4 28.
Qxe6+ Rf7 29. Qc8+ Rf8 30. Qe6+ Kh8 31. Qe3 c2 32. Rf1 Rxf1+ 33. Kxf1 Qc4+ 0-1

[Event " Ciutat d'Alzira 2014"]
[Site "Alzira ESP"]
[Date "2014.08.23"]
[Round "2.17"]
[White "Lluch Ventura, Enrique"]
[Black "Marco Catala, Juan Bautista"]
[Result "0-1"]
[WhiteElo "1446"]
[BlackElo "1693"]
[PlyCount "82"]
[EventDate "2014.08.22"]
[EventType "swiss"]
[EventRounds "9"]
[EventCountry "ESP"]
[Source "lmi"]
[SourceDate "2014.08.22"]

1. d4 d6 2. e4 Nf6 3. Nc3 g6 4. f4 Bg7 5. Nf3 c5 6. dxc5 Qa5 7. Bd2 Qxc5 8. Qe2
Nc6 9. Qc4 Qb6 10. Qb5 Qc7 11. Bd3 O-O 12. O-O a6 13. Qb3 e6 14. Ne2 b5 15. c3
Qb6+ 16. Kh1 Ng4 17. Be1 Rb8 18. h3 Na5 19. Qb4 Nf6 20. Bf2 Qc7 21. Rad1 Bb7
22. Ng3 Nc6 23. Qa3 Rfd8 24. Nd4 Rbc8 25. Nxc6 Qxc6 26. Qa5 Nd7 27. Bd4 e5 28.
fxe5 Nxe5 29. Bxe5 Bxe5 30. Ne2 Qe8 31. Qb6 Qe7 32. Qe3 Qe6 33. Bb1 d5 34. exd5
Rxd5 35. Rxd5 Qxd5 36. Qf3 Qd7 37. Qe3 Rc4 38. Kg1 Qe8 39. Nf4 Bd4 40. Qxd4
Rxd4 41. cxd4 Qe3+ 0-1

[Event " Ciutat d'Alzira 2014"]
[Site "Alzira ESP"]
[Date "2014.08.23"]
[Round "2.21"]
[White "Gonzalvez Tamarit, Ruben"]
[Black "Diaz Del Prado, Carlos"]
[Result "1-0"]
[WhiteElo "1697"]
[BlackElo "1292"]
[PlyCount "29"]
[EventDate "2014.08.22"]
[EventType "swiss"]
[EventRounds "9"]
[EventCountry "ESP"]
[Source "lmi"]
[SourceDate "2014.08.22"]

1. e4 g6 2. d4 Bg7 3. Nf3 d6 4. Nc3 Nf6 5. Be2 O-O 6. Bg5 Nbd7 7. Qd2 c5 8. O-O
Ne8 9. Bh6 f5 10. Bc4+ Kh8 11. Bxg7+ Nxg7 12. Qh6 e6 13. dxc5 Nxc5 14. Ng5 Qf6
15. Qxh7# 1-0

[Event " Ciutat d'Alzira 2014"]
[Site "Alzira ESP"]
[Date "2014.08.23"]
[Round "3.1"]
[White "Gonzalvez Perales, Jose Luis"]
[Black "Simon Piera, Raul"]
[Result "1/2-1/2"]
[WhiteElo "2012"]
[BlackElo "1932"]
[PlyCount "66"]
[EventDate "2014.08.22"]
[EventType "swiss"]
[EventRounds "9"]
[EventCountry "ESP"]
[Source "lmi"]
[SourceDate "2014.08.22"]

1. e4 c6 2. d4 d5 3. Nc3 dxe4 4. Nxe4 Bf5 5. Ng3 Bg6 6. h4 h6 7. Nf3 Nd7 8. h5
Bh7 9. Bd3 Bxd3 10. Qxd3 e6 11. Bd2 Ngf6 12. O-O-O Be7 13. Kb1 Qc7 14. Ne4
O-O-O 15. c4 Nxe4 16. Qxe4 Rhe8 17. Qg4 Rg8 18. Bf4 Bd6 19. Bxd6 Qxd6 20. Qe4
Kc7 21. c5 Qe7 22. Qf4+ Kc8 23. Ne5 Nxe5 24. Qxe5 Rd5 25. Qg3 Qf6 26. Rh4 Rg5
27. Qe3 Rd8 28. Rf4 Rf5 29. g3 Rdd5 30. Rf1 Rxf4 31. Qxf4 Qxf4 32. gxf4 Rxh5
33. Rg1 g6 1/2-1/2

[Event " Ciutat d'Alzira 2014"]
[Site "Alzira ESP"]
[Date "2014.08.23"]
[Round "3.2"]
[White "Cebrian Flores, Juan Antonio"]
[Black "Jarque Megias, Juan Jose"]
[Result "1/2-1/2"]
[WhiteElo "1995"]
[BlackElo "1854"]
[PlyCount "76"]
[EventDate "2014.08.22"]
[EventType "swiss"]
[EventRounds "9"]
[EventCountry "ESP"]
[Source "lmi"]
[SourceDate "2014.08.22"]

1. e4 e6 2. d4 d5 3. Nc3 Nf6 4. Bg5 Bb4 5. Nge2 h6 6. Bxf6 Qxf6 7. e5 Qe7 8.
Qd3 c5 9. O-O-O a6 10. f4 Nc6 11. h4 cxd4 12. Nxd4 Nxd4 13. Qxd4 Qc5 14. Rh3
Qxd4 15. Rxd4 Bc5 16. Rd1 Bd7 17. Bd3 Ke7 18. h5 Rag8 19. a3 Rc8 20. Rg3 Rcg8
21. Rd2 Bb6 22. Re2 Bc6 23. Nd1 Be8 24. c4 dxc4 25. Bxc4 g5 26. Rb3 Bb5 27.
Bxb5 axb5 28. Rxb5 Rc8+ 29. Kb1 Rc6 30. Rc2 Rd8 31. Rxc6 bxc6 32. Rxb6 Rxd1+
33. Ka2 gxf4 34. Rxc6 Rd5 35. Rc7+ Ke8 36. Rc8+ Ke7 37. Rc7+ Ke8 38. Rc8+ Ke7
1/2-1/2

[Event " Ciutat d'Alzira 2014"]
[Site "Alzira ESP"]
[Date "2014.08.23"]
[Round "3.3"]
[White "Pedros Viudes, Santiago"]
[Black "Fenollar Marti, Jordi"]
[Result "1-0"]
[WhiteElo "1963"]
[BlackElo "1836"]
[PlyCount "70"]
[EventDate "2014.08.22"]
[EventType "swiss"]
[EventRounds "9"]
[EventCountry "ESP"]
[Source "lmi"]
[SourceDate "2014.08.22"]

1. d4 Nf6 2. Nf3 g6 3. Bf4 Bg7 4. e3 d5 5. c4 c6 6. Nc3 Nbd7 7. h3 dxc4 8. Bxc4
Nb6 9. Be2 Nbd5 10. Be5 Nxc3 11. bxc3 Qa5 12. Qb3 Be6 13. Qb2 O-O 14. O-O Qb6
15. Rfb1 Qxb2 16. Rxb2 b5 17. Nd2 Nd7 18. Bxg7 Kxg7 19. c4 bxc4 20. Bxc4 Bxc4
21. Nxc4 Rab8 22. Rc2 Rfc8 23. Na5 c5 24. Rac1 Rb5 25. Nb3 a5 26. Kf1 c4 27.
Rxc4 Rxc4 28. Rxc4 Nb6 29. Rc5 Rb4 30. Rxa5 Kf8 31. Ke2 Ke8 32. Kd3 e6 33. e4
Kd8 34. f3 h6 35. Ra7 f5 1-0

[Event " Ciutat d'Alzira 2014"]
[Site "Alzira ESP"]
[Date "2014.08.23"]
[Round "3.4"]
[White "Pallas I Garrido, Ernest Josep"]
[Black "Boj Marques, Javier"]
[Result "1-0"]
[WhiteElo "1844"]
[BlackElo "1950"]
[PlyCount "59"]
[EventDate "2014.08.22"]
[EventType "swiss"]
[EventRounds "9"]
[EventCountry "ESP"]
[Source "lmi"]
[SourceDate "2014.08.22"]

1. d4 e6 2. e3 d5 3. Bd3 Nd7 4. Nf3 c6 5. Nbd2 Bd6 6. c3 f5 7. c4 Nh6 8. cxd5
exd5 9. b3 O-O 10. Bb2 Qf6 11. Qc2 Re8 12. O-O-O Nf8 13. Kb1 a5 14. h3 Bd7 15.
g4 fxg4 16. hxg4 Bxg4 17. Rdg1 Be6 18. Ng5 Bf5 19. e4 dxe4 20. Ndxe4 Qg6 21.
Ne6 Qxe6 22. d5 Qf7 23. Nxd6 Qxd5 24. Rxg7+ Kh8 25. Rxh7+ Kxh7 26. Bxf5+ Ng6
27. Bxg6+ Kg8 28. Rxh6 Re1+ 29. Bc1 Qe5 30. Qc4+ 1-0

[Event " Ciutat d'Alzira 2014"]
[Site "Alzira ESP"]
[Date "2014.08.23"]
[Round "3.5"]
[White "Raimundo Medina, Fermin"]
[Black "Del Arco Gimeno, Juan"]
[Result "1-0"]
[WhiteElo "1764"]
[BlackElo "1949"]
[PlyCount "59"]
[EventDate "2014.08.22"]
[EventType "swiss"]
[EventRounds "9"]
[EventCountry "ESP"]
[Source "lmi"]
[SourceDate "2014.08.22"]

1. e4 d6 2. d4 Nf6 3. Nc3 g6 4. Bg5 Bg7 5. e5 Ng8 6. f4 c6 7. Nf3 Bf5 8. Be2
Qb6 9. Na4 Qa5+ 10. Nc3 Na6 11. a3 f6 12. Bh4 Rd8 13. exd6 exd6 14. O-O Nh6 15.
Bc4 Kd7 16. b4 Qc7 17. b5 Nb8 18. bxc6+ bxc6 19. d5 Kc8 20. Rb1 Qa5 21. Qd2 Ng4
22. h3 Qc5+ 23. Nd4 Qxc4 24. Nxf5 gxf5 25. hxg4 fxg4 26. Rb4 Qa6 27. Rfb1 Nd7
28. Ra4 Qxa4 29. Nxa4 c5 30. Qa5 1-0

[Event " Ciutat d'Alzira 2014"]
[Site "Alzira ESP"]
[Date "2014.08.23"]
[Round "3.6"]
[White "Leon Colan, Carlos Edmundo"]
[Black "Aledo Yanguas, Javier"]
[Result "1/2-1/2"]
[WhiteElo "1933"]
[BlackElo "1791"]
[PlyCount "50"]
[EventDate "2014.08.22"]
[EventType "swiss"]
[EventRounds "9"]
[EventCountry "ESP"]
[Source "lmi"]
[SourceDate "2014.08.22"]

1. d4 d5 2. Nf3 Nf6 3. g3 c6 4. Bg2 Bf5 5. O-O e6 6. c3 Bd6 7. Re1 O-O 8. Nbd2
Nbd7 9. Nh4 Bg6 10. Nxg6 hxg6 11. e4 dxe4 12. Nxe4 Nxe4 13. Bxe4 Nf6 14. Bf3
Qb6 15. Kg2 Rad8 16. Qc2 Rfe8 17. Bg5 Qa5 18. h4 Be7 19. Bxf6 Bxf6 20. a4 e5
21. dxe5 Bxe5 22. Re2 Bf6 23. Rae1 Rxe2 24. Rxe2 Qc5 25. Qe4 Qd6 1/2-1/2